00455nam a2200145 a 450000500170000000800410001702000180005805000130007610000260008924500810011526000300019630000230022644000330024965000270028220140412111323.0001111s19uu xx 00 eng d a0-679-88798-9 aERbTi43 aSt. Pierre, Stephanie aTickle me, Big Bird! /cby Stephani St. Pierre ; illustrated by Rick Wetzel. aNew York :bRandom House. a1 v. (unp.) ; ill. aA lift and peek a-board book aSesame streetxFiction